| 000 | 01238nam a2200337 c 4500 | ||
|---|---|---|---|
| 003 | BLK | ||
| 005 | 20220503143744.0 | ||
| 008 | 180408b bul|||||r ||||||| ||bul|| | ||
| 010 | _aKNG00090483000 | ||
| 020 |
_a978-954-28-0137-5 _bиздат.: Сиела Софт енд Паблишинг |
||
| 040 | _aBLK | ||
| 041 |
_aBUL _cBUL |
||
| 072 | 7 |
_2bullib _aЯ _xАвтографи |
|
| 080 |
_aБългарска литература _b821.163.2 _x-31 _z821.163.2-31 |
||
| 100 | 1 |
_aЗарев, Владимир Пантелеев _eпърви автор _gПантев, Владимир Пантелеев _9277642 |
|
| 139 |
_aЗарев, Владимир Пантелеев _bЗ 34 |
||
| 245 | 1 | 0 |
_aБитието _bРоман _cВладимир Пантелеев Зарев. |
| 250 | _a3. изд. | ||
| 257 | _aBGR | ||
| 260 |
_аСофия _bСиела Софт енд Паблишинг _c2007 |
||
| 300 |
_a741 с. _c21 см |
||
| 380 | _aX | ||
| 500 | _a1. изд. 1978 на изд. Бълг. писател. | ||
| 653 | _aромани | ||
| 659 | _aЯ | ||
| 852 | _aЦб 244693 | ||
| 856 | 4 |
_qpdf _u |
|
| 856 | 4 |
_qpdf _u |
|
| 942 |
_cKNG _n0 _017 |
||
| 944 |
_aCR _c09.07.2009 _lф / _kЛюдмила_Стоянова |
||
| 944 |
_aED _c29.05.2013 _lф / _k |
||
| 999 |
_c85876 _d85876 |
||